Better nutrition

Bibliographic Details
Format: Electronic Journal
Language:English
Published: Overland Park, KS : Intertec Pub.
El Segundo, CA : Cruz Bay Pub.
Subjects:
Online Access:Full text available from Research Library: 01/01/1994 to present

MARC

LEADER 00000nas a2200000 a 4500
001 ssj0000985
003 WaSeSS
005 20200512172242.0
006 m d
007 cr n
008 980303c19uu9999ksumr p s | a0eng
010 |a  2011202307 
016 7 |a 9891753  |2 DNLM 
016 7 |a SR0091810  |2 DNLM 
022 |a 2162-2655  |y 0405-668X 
035 |a (WaSeSS)ssj0000985 
037 |b Cruz Bay Publishing, Inc., an Active Interest Media Company, 300 Continental Boulevard, Suite 650, El Segundo, CA 90245 
040 |a FGA  |b eng  |c FGA  |d OCL  |d OCLCQ  |d FQM  |d OCLCQ  |d AZU  |d OHI  |d FJM  |d CO3  |d OCLCQ  |d DLC  |d OCLCQ  |d COO  |d OCLCO  |d OCLCQ  |d OCLCO  |d OCLCF  |d OCLCO  |d OCLCQ  |d LGG  |d AUD  |d B3G  |d CCT  |d LND  |d AU@  |d KQW  |d OCLCO  |d OCLCQ  |d OCLCO  |d BUF  |d OCLCO  |d MOW  |d OCLCO  |d WYU  |d OCLCO  |d OCLCA  |d VT2  |d WaSeSS 
042 |a pcc  |a nsdp 
050 1 4 |a TX341  |b .B46 
060 4 |a INTERNET 
082 1 0 |a 641.1  |2 14 
130 0 |a Better nutrition (Online) 
222 0 |a Better nutrition  |b (Online) 
245 1 0 |a Better nutrition  |h [electronic resource]. 
260 |3 <1994-2008> :  |a Overland Park, KS :  |b Intertec Pub. 
260 3 |3 <2009-> :  |a El Segundo, CA :  |b Cruz Bay Pub. 
506 |a License restrictions may limit access. 
538 |a Mode of access: World Wide Web. 
588 |a Description based on: Vol. 56, issue 1 (Jan. 1994); title from available issues screen (viewed Mar. 3, 1998). 
588 |a Latest issue consulted: June 2011 (Betternutrition.com, viewed July 2011). 
650 0 |a Nutrition  |v Periodicals. 
650 0 |a Natural foods  |v Periodicals. 
650 7 |a Natural foods.  |2 fast  |0 (OCoLC)fst01034032 
650 7 |a Nutrition.  |2 fast  |0 (OCoLC)fst01042187 
650 7 |a Food/cooking/nutrition.  |2 galestne 
650 2 |a Nutrition  |v Periodicals. 
650 2 |a Food  |v Periodicals. 
650 2 |a Nutrition. 
650 2 |a Food. 
653 0 |a Food/cooking/nutrition 
655 0 |a Electronic journals. 
776 1 |t Better nutrition  |x 0405-668X  |w (DLC) 76644597  |w (OCoLC)2315967 
856 4 0 |z Full text available from Research Library: 01/01/1994 to present  |u https://search.proquest.com/publication/31681